[Event "EICC 2017"]
[Site "Minsk"]
[Date "2017.06.07"]
[Round "8"]
[White "Postny, Evgeny"]
[Black "Sarana, Alexey"]
[Result "0-1"]
[WhiteElo "2588"]
[BlackElo "2472"]
[Annotator "TA"]
[PlyCount "116"]
[EventDate "2017.??.??"]
[EventCountry "BLR"]
[SourceTitle "playchess.com"]
[Source "ChessBase"]
[SourceQuality "1"]

{[%evp 18,116,25,14,15,10,24,16,34,25,23,16,25,20,12,12,22,0,0,0,-6,0,0,-14,-12,-21,-4,-24,-6,-9,0,-13,0,-7,0,-18,0,-12,0,-25,0,-26,-27,-32,-10,-15,4,4,6,0,0,-18,-27,-56,-33,-20,-23,-41,0,0,0,0,0,-66,-66,-91,-79,-77,-80,-85,-72,-73,-79,-85,-57,-89,-100,-110,-95,-97,-74,-70,0,0,0,-31,0,0,-39,-392,-399,-432,-412,-434,-422,-577,-577,-914,-862,-1158,-1135]} 1. d4 Nf6 2. Bg5 d5 3. e3 Ne4 4. Bf4 c5 5. c3 Nc6 6. Nf3 e6 7. Nbd2 {D03: 1 d4 d5 2 Nf3 Nf6 3 Bg5, including Torre Attack with early ...d5} Nxd2 8. Qxd2 Bd6 (8... Be7 9. Bd3 O-O 10. O-O Bd6 11. dxc5 Bxc5 12. Qc2 h6 13. e4 Re8 {1-0 (94) Martinovic,S (2550)-Dzhumagaliev,Y (2400) Tallinn 2016}) 9. Bd3 O-O 10. O-O {LiveBook: 3 Games} Bxf4 11. exf4 cxd4 12. cxd4 Bd7 13. Rac1 $146 Rc8 14. Rc3 Qe7 15. Re1 Qd6 16. Ne5 Ne7 17. Rec1 (17. Rc5 $5) 17... f6 18. Nf3 Rxc3 19. Rxc3 Rc8 20. g3 Rxc3 21. Qxc3 h6 22. a3 (22. Qb3 $5 {[%cal Rb3b7]}) 22... Kf7 23. Qa5 Nc6 24. Qd2 Ne7 25. Qa5 Nc6 (25... Qc6 {feels hotter.} 26. Kg2 Qc1 27. Qb4 Qc7 28. h4 Be8) 26. Qd2 Ne7 27. h4 Kf8 28. Kg2 Be8 29. Ne1 Qb6 30. Qc3 $1 Bh5 31. Nc2 Bg6 32. Bxg6 Nxg6 33. b4 Ne7 34. a4 Qa6 $36 {[%mdl 2048] Black is more active.} 35. Qb3 Qc4 36. Qxc4 dxc4 $15 {[%mdl 4096] Endgame KN-KN} 37. Na3 Nd5 38. Nxc4 Nxb4 39. Nd6 b6 40. Kf3 ({White should try} 40. f5 $11) 40... Nc6 41. Ke4 Ke7 42. Nb5 f5+ 43. Kd3 {[#]} Kd7 $1 44. Kc4 a6 45. Nc3 Kd6 46. Kd3 Nb4+ 47. Kc4 Nd5 {[#] White must now prevent ...Nxc3.} 48. Na2 Kc6 49. Kd3 b5 (49... Kd7 $15) 50. a5 $1 $11 Kd6 51. h5 Kc6 52. Nc1 $1 Nf6 53. Nb3 $2 {[%mdl 8192]} ({White must play} 53. Na2 $1 $15) 53... Ne4 $19 54. Ke3 b4 55. g4 Kb5 {Black is clearly winning.} 56. gxf5 exf5 57. d5 Kc4 58. f3 Nf6 {Precision: White = 50%, Black = 50%.} 0-1

[Event "EICC 2017"]
[Site "Minsk"]
[Date "2017.06.07"]
[Round "8"]
[White "Indjic, Aleksandar"]
[Black "Froewis, Georg"]
[Result "1-0"]
[WhiteElo "2587"]
[BlackElo "2432"]
[Annotator "TA"]
[PlyCount "81"]
[EventDate "2017.??.??"]
[EventCountry "BLR"]
[SourceTitle "playchess.com"]
[Source "ChessBase"]
[SourceQuality "1"]

{[%evp 11,81,18,8,-32,-22,-37,-29,-33,73,66,96,72,72,67,72,57,63,66,62,0,0,0,33,30,28,23,10,19,89,95,91,100,180,174,220,191,269,255,385,393,505,510,441,462,372,383,1024,1352,1338,785,1328,1306,1302,1294,1272,1261,12838,6251,12839,12839,12839,12839,12838,12829,29992,29993,29992,29993,29993,29994,29996,29996]} 1. d4 d5 2. c4 e6 3. Nc3 c6 4. e3 Nf6 5. Qc2 Nbd7 6. Nf3 Bd6 7. Rg1 $146 {D45: Semi-Slav: 5 e3} ({Predecessor:} 7. b3 O-O 8. Be2 b6 9. O-O Bb7 10. Bb2 Qe7 11. Rad1 Rac8 12. e4 dxe4 13. Nxe4 Nxe4 14. Qxe4 Nf6 15. Qh4 c5 16. Rfe1 Bxf3 17. Bxf3 cxd4 18. Qxd4 Rfd8 19. Qe3 {½-½ (30) So,W (2815)-Giri,A (2785) chess.com INT 2017}) 7... e5 8. g4 {[%cal Bg2g4,Bg4g5][%mdl 32]} exd4 9. Nxd4 {Black has an edge.} c5 (9... dxc4 $15 {stays ahead.} 10. g5 Nd5) 10. Nf3 $1 $16 d4 11. Nb5 Ne5 {[#]} 12. Nxe5 $1 Bxe5 13. g5 Nd7 14. f4 $1 {[%cal Rf4e5]} a6 15. Na3 ({Of course not} 15. fxe5 axb5 16. e6 fxe6 $17) ({Better is} 15. Nxd4 $1 $14 cxd4 16. fxe5 Nxe5 17. Qe4) 15... Bd6 $11 16. Qe4+ Be7 17. Bd3 g6 18. Bd2 (18. exd4 cxd4 19. Qxd4 O-O $15) 18... O-O 19. O-O-O $36 {[%mdl 2048] White is pushing.} (19. exd4 $2 cxd4 20. O-O-O Nc5 $19) 19... Rb8 {[#]} (19... Re8 $11) 20. Rge1 $1 $16 ({Don't play} 20. exd4 $6 cxd4 21. Bc2 (21. Qxd4 Bc5 $17) 21... Re8 $15) 20... Re8 {White should prevent ...Bxg5.} 21. exd4 {And now d5 would win.} b5 (21... Nf8 $16) 22. d5 $18 {Hoping for d6.} Bb7 23. h4 b4 (23... bxc4 {might work better.} 24. Nxc4 Nf8) 24. Nc2 Qb6 (24... Bd6 {was necessary.}) 25. b3 a5 26. f5 a4 27. f6 Nxf6 28. gxf6 Bxf6 $2 (28... Qxf6 29. bxa4 Qxh4 30. Qxh4 Bxh4 31. Rxe8+ Rxe8) 29. Qxe8+ Rxe8 30. Rxe8+ Kg7 31. h5 {[%csl Gd2][%cal Rh5h6]} h6 32. hxg6 fxg6 33. Re6 Qa7 34. Rf1 Bc8 35. Rexf6 Bf5 {[#]} 36. Bxf5 $3 Kxf6 (36... gxf5 37. R1xf5) 37. Be6+ Ke5 38. Bf4+ {White mates.} Ke4 39. Bg3 axb3 40. axb3 h5 41. Rf4+ {Precision: White = 87%, Black = 25%.} 1-0

[Event "EICC 2017"]
[Site "Minsk"]
[Date "2017.06.07"]
[Round "8"]
[White "Azarov, Sergei"]
[Black "Moroni, Luca Jr"]
[Result "1/2-1/2"]
[WhiteElo "2582"]
[BlackElo "2448"]
[Annotator "TA"]
[PlyCount "74"]
[EventDate "2017.??.??"]
[EventCountry "BLR"]
[SourceTitle "playchess.com"]
[Source "ChessBase"]
[SourceQuality "1"]

{[%evp 17,74,27,16,0,0,0,0,0,0,14,10,12,10,0,0,0,7,11,27,21,29,25,30,18,16,4,15,0,-2,-26,-29,-29,-27,-41,-48,-71,-50,-60,-27,-85,-85,-114,-109,-122,-122,-109,-79,-83,-80,-91,-53,-53,0,0,0,0,0,0,0]} 1. e4 e5 2. Nf3 Nc6 3. Bb5 a6 4. Ba4 Nf6 5. O-O b5 6. Bb3 Bc5 7. Nc3 O-O 8. d3 h6 {C78: Ruy Lopez: Archangelsk and Möller Defences} 9. Nd5 d6 {LiveBook: 27 Games} 10. Nxf6+ (10. a4 Rb8 11. axb5 axb5 12. Be3 Nxd5 13. exd5 Bxe3 14. fxe3 Ne7 15. e4 Ng6 16. Qd2 {0-1 (38) Dominguez Perez,L (2732)-Ding,L (2766) Huaian 2016}) 10... Qxf6 11. Bd5 Bd7 12. Be3 Rab8 $146 ({Predecessor:} 12... Rad8 13. c3 Ne7 14. d4 Bb6 15. dxe5 dxe5 16. Qe2 {0-1 (33) Van Riemsdijk,H (2395)-Rosito,J (2460) Roque Saenz Pena 1997}) 13. Bxc6 Bxc6 14. Bxc5 dxc5 15. Qe1 Qd6 16. Qc3 Rfe8 {[%cal Bf8e8,Be8e7,Be7c7][%mdl 32]} 17. a3 Rbd8 18. Rfe1 Bb7 19. h3 Kh7 20. Re3 f6 21. Ree1 Re7 22. Re2 Bc8 23. b4 cxb4 24. axb4 c5 $1 25. bxc5 Rc7 26. Qa5 Rxc5 27. Nh2 Rc6 28. Nf1 (28. Rd2 $11) 28... Be6 $17 29. Ne3 b4 30. Ree1 Rb8 31. Qa4 b3 32. cxb3 Bxb3 33. Nf5 Bxa4 34. Nxd6 Bc2 (34... Rb4 $15 35. Nc4 Bb5) 35. Rec1 $11 {The position is equal.} Rb3 36. Nf5 Rxd3 37. Ne7 Re6 {Precision: White = 40%, Black = 76%.} 1/2-1/2

[Event "EICC 2017"]
[Site "Minsk"]
[Date "2017.06.07"]
[Round "8"]
[White "Svane, Rasmus"]
[Black "Mazur, Stefan"]
[Result "1-0"]
[WhiteElo "2577"]
[BlackElo "2459"]
[Annotator "TA"]
[PlyCount "53"]
[EventDate "2017.??.??"]
[EventCountry "BLR"]
[SourceTitle "playchess.com"]
[Source "ChessBase"]
[SourceQuality "1"]

{[%evp 22,53,34,28,23,11,33,13,108,105,206,230,268,279,300,302,785,773,731,533,506,507,561,393,390,350,447,450,454,429,867,870,863,841]} 1. Nf3 Nf6 2. g3 b6 3. Bg2 Bb7 4. O-O c5 5. c4 g6 6. d4 cxd4 7. Qxd4 Bg7 8. Nc3 d6 9. Rd1 Nbd7 10. Be3 Rc8 11. Rac1 O-O 12. Qh4 a6 {A30: Symmetrical English: Double Fianchetto and Hedgehog} 13. b3 Rc7 14. Bh3 Qa8 {[#]} (14... h5 $11 {keeps the balance.}) 15. Bxd7 $1 $16 {[#] Black must now prevent Bh3.} Nxd7 $146 (15... Bxf3 $16 16. Bh3 (16. exf3 Rxd7 17. Nd5 Nxd5 $14) 16... Bc6) ({Predecessor:} 15... Rxd7 16. Na4 Qb8 17. Nxb6 Rc7 18. Na4 Rfc8 19. Bb6 Rc6 20. Nd4 Rxb6 21. Nxb6 {1-0 (62) Stohl,I (2561)-Navara,D (2616) Czechia 2005}) 16. Qxe7 $18 Bxf3 17. exf3 Re8 18. Qxd6 Ne5 $2 (18... Be5 19. Qd5 Rb7) 19. Qxc7 Nxf3+ 20. Kh1 Bxc3 21. Rd5 ({Wrong is} 21. Rxc3 $2 Nd4+ 22. Kg1 Ne2+ 23. Kf1 Nxc3 $19) 21... Be5 22. Qd7 Bf6 23. Rcd1 b5 24. c5 {White is clearly winning.} Re6 25. Qc7 {[#] Hoping for Rd8+!} Nd4 (25... Ne5 $142 26. Bf4 Kg7 27. Bxe5 Bxe5) 26. R1xd4 Bxd4 27. Qd8+ {Precision: White = 96%, Black = 14%.} 1-0

[Event "EICC 2017"]
[Site "Minsk"]
[Date "2017.06.07"]
[Round "8"]
[White "Grigoriants, Sergey"]
[Black "Davtyan, Artur"]
[Result "1/2-1/2"]
[WhiteElo "2576"]
[BlackElo "2216"]
[Annotator "TA"]
[PlyCount "34"]
[EventDate "2017.??.??"]
[EventCountry "BLR"]
[SourceTitle "playchess.com"]
[Source "ChessBase"]
[SourceQuality "1"]

{[%evp 32,34,0,-14,0]} 1. Nf3 Nf6 2. c4 e6 3. Nc3 d5 4. d4 Be7 5. Bg5 {[%cal Bc1g5,Bg5h4,Bh4g3][%mdl 32]} h6 6. Bh4 O-O 7. e3 b6 8. Rc1 Bb7 9. cxd5 Nxd5 10. Bg3 c5 11. Bd3 cxd4 12. exd4 Nc6 13. O-O Bd6 {[#]} 14. Bh4 $146 ({Predecessor:} 14. Nxd5 Bxg3 15. Ne3 Bf4 16. Be4 Na5 17. Bxb7 Nxb7 18. Ne5 Nd6 19. Qf3 Bg5 20. Nc6 Qd7 21. Rfd1 {½-½ (72) Gelfand,B (2733)-Leko,P (2749) Monte Carlo 2007}) 14... Be7 15. Bg3 Bd6 16. Bh4 Be7 17. Bg3 {LiveBook: 6 Games} Bd6 {D59: Queen's Gambit Declined: Tartakower Defence: Main line (8 cxd5 Nxd5)} 1/2-1/2

[Event "EICC 2017"]
[Site "Minsk"]
[Date "2017.06.07"]
[Round "8"]
[White "Bocharov, Dmitry"]
[Black "Leko, Peter"]
[Result "1-0"]
[WhiteElo "2574"]
[BlackElo "2703"]
[Annotator "TA"]
[PlyCount "125"]
[EventDate "2017.??.??"]
[EventCountry "BLR"]
[SourceTitle "playchess.com"]
[Source "ChessBase"]
[SourceQuality "1"]

{[%evp 19,125,-25,-20,-55,-44,-39,-33,-54,-45,-68,-61,-70,-80,-84,-53,-68,-71,-74,0,-93,-87,-105,-113,-109,-96,-91,-94,-76,-28,-93,-100,-139,-72,-56,0,0,0,0,26,26,81,84,85,81,103,120,136,124,135,166,146,137,206,203,200,211,212,206,183,150,177,156,172,140,140,140,140,140,140,140,140,140,140,140,147,147,140,22,139,139,139,139,139,139,139,139,139,139,729,0,63,0,718,647,396,141,29977,29978,29978,29979,29979,29980,29980,29981,29984,29985,29988,29989]} 1. Nf3 c5 2. e4 d6 3. Bb5+ Nd7 4. O-O a6 5. Bd3 Ngf6 6. Re1 {B51: Sicilian: Moscow Variation (3 Bb5+) without 3...Bd7} e6 7. c3 b5 8. Bc2 c4 9. b3 (9. a4 Bb7 10. d4 cxd3 11. Bxd3 bxa4 12. Qxa4 Be7 13. h3 O-O 14. Be3 Qc7 15. Nbd2 Rfb8 16. Qa5 Bd8 17. Qxc7 Bxc7 18. b4 {½-½ (18) Nakamura,H (2785)-Vachier Lagrave,M (2796) Sharjah 2017}) 9... Bb7 10. bxc4 bxc4 {LiveBook: 6 Games} 11. Na3 Rc8 $1 12. Rb1 Ba8 13. Qe2 $146 d5 {Strongly threatening ...Qa5.} 14. Nd4 Nxe4 15. Bxe4 dxe4 16. Nxc4 Qc7 17. Ne3 Qa7 18. Qh5 e5 (18... Qc5 $17 19. Qd1 Qa5) 19. Ndc2 (19. Ne6 $1 $11 g6 20. Qh3 fxe6 21. Qxe6+ Kd8 22. d4) 19... Bc5 $1 $17 20. Ba3 O-O $1 21. Rf1 g6 22. Bxc5 Rxc5 23. Qh4 f6 24. h3 (24. Rfd1 $11 {keeps the balance.}) 24... Kg7 25. Rfd1 Rc7 (25... f5 $142 $1 26. d4 exd3 27. Rxd3 Be4) 26. Nb4 Nb6 (26... Nc5 $1 $15) 27. d4 $11 exd3 28. Rxd3 Rff7 29. Rd6 a5 (29... h5 $11) 30. Ng4 $1 $16 {Intending Qh6+ and mate.} Nd7 31. Qh6+ Kg8 32. Nd5 $40 {[%mdl 128] White has strong attack.} Bxd5 33. Rxd5 Rc8 34. Qd2 Kg7 35. Rd6 Qc7 (35... e4 $16 {keeps fighting.}) 36. Rd1 $18 Nf8 37. Qh6+ Kh8 38. Nxf6 Qxc3 39. Qg5 Qb2 40. Ng4 Rf5 41. Qe7 h5 42. Rd7 $1 Nxd7 43. Rxd7 {[%csl Gd7][%cal Re7h7]} Qc1+ 44. Kh2 {[%csl Gd7][%cal Re7h7]} Qf4+ 45. g3 {[%csl Gd7][%cal Re7h7]} Rf7 46. gxf4 Rxe7 47. Rxe7 hxg4 48. fxe5 ({White should play} 48. Rxe5 $16 Rc3 49. hxg4) 48... gxh3 (48... Rf8 $11) 49. Kxh3 $16 {[%mdl 4096] Endgame KR-KR} Rc2 50. f4 $1 {Threatens to win with Kh4.} Rxa2 51. Ra7 Kg8 52. Kg4 {And now Kg5 would win.} Rg2+ 53. Kf3 Ra2 $2 {[%mdl 8192]} (53... Rb2 $16 54. Rxa5 Rb1) 54. Kg4 $2 (54. e6 $1 $18 {Threatening mate with Ra8+.} Kf8 55. Ke4) 54... Rg2+ $1 $14 55. Kf3 $2 {[%mdl 8192]} (55. Kh4 $14) 55... Ra2 $18 {[#]} 56. e6 $1 {White wants to mate with Ra8+.} Kf8 {[#]} 57. Ke4 $2 (57. Rf7+ $1 $18 {is the precise move to win.} Ke8 58. Rg7) 57... Rf2 $2 {[%mdl 8192]} (57... Rb2 $16) 58. Ke5 {White mates.} Rf1 59. Rxa5 Ke7 60. Ra7+ Kf8 61. Rf7+ Kg8 62. f5 gxf5 63. Kf6 {Precision: White = 61%, Black = 48%.} 1-0

[Event "EICC 2017"]
[Site "Minsk"]
[Date "2017.06.07"]
[Round "8"]
[White "Deac, Bogdan-Daniel"]
[Black "Fedoseev, Vladimir"]
[Result "0-1"]
[WhiteElo "2572"]
[BlackElo "2690"]
[Annotator "TA"]
[PlyCount "72"]
[EventDate "2017.??.??"]
[EventCountry "BLR"]
[SourceTitle "playchess.com"]
[Source "ChessBase"]
[SourceQuality "1"]

{[%evp 10,72,41,27,22,22,38,3,11,9,1,4,8,8,8,6,29,0,35,0,28,0,9,-29,-8,-52,-28,-25,-18,-4,-2,-5,-6,-14,0,-12,0,-4,-6,-12,-12,-30,-22,-55,-55,-83,-72,-135,-122,-130,-105,-138,-143,-117,-123,-275,-262,-283,-236,-420,-413,-417,-413,-436,-425]} 1. Nf3 d5 2. d4 c6 3. c4 Nf6 4. Qc2 Bg4 5. Ne5 Be6 6. e3 {LiveBook: 3 Games. D11: Slav Defence: 3 Nf3 sidelines and 3...Nf6 4 e3 Bg4} g6 7. cxd5 $146 ({Predecessor:} 7. Nc3 Bg7 8. Bd3 O-O 9. O-O Nbd7 10. cxd5 Nxd5 11. Nxd5 Bxd5 12. Nxd7 Qxd7 {½-½ (89) Delaunay,S (2362)-Guliyev,N (2564) Le Port Marly 2014}) 7... Nxd5 8. Nd3 {White is slightly better.} (8. Nf3 {seems wilder.} Bg7 9. e4 Nc7 10. Be3 O-O 11. Nc3) 8... Bg7 9. Nd2 O-O 10. Be2 a5 11. a3 Nd7 12. O-O Qb8 13. Rb1 a4 14. Bf3 Qa7 15. Ne4 Nc7 {[%cal Bd5c7,Bc7b5,Bb5d6,Bd6e4,Be4d2][%mdl 32]} 16. Nd2 Nb5 17. Qd1 f5 18. Be2 Bf7 19. Nf3 Bb3 20. Qe1 Nd6 21. Bd2 b6 22. Bc3 Ne4 23. Nd2 Nxd2 24. Qxd2 Nf6 25. Nc1 Ne4 26. Qd3 Bd5 $36 {[%mdl 2048] Black has the initiative.} 27. f3 Nxc3 28. bxc3 (28. Qxc3 $142 c5 29. Bc4) 28... e5 $17 29. Qd2 Rfe8 30. Nd3 exd4 31. exd4 {[#]} Qe7 $1 {[%cal Re7e2]} 32. Nf4 $2 (32. Rfe1 $17 {is a better defense.}) 32... Bf7 $19 ({Don't take} 32... Qxa3 33. Nxd5 cxd5 34. f4 $17) 33. Bd3 Bh6 {Hoping for ...Qe3+.} ({But not} 33... Qxa3 34. Rxb6 c5 35. Ne2 $19) 34. Bc2 $2 (34. g3) 34... Qxa3 35. g3 b5 36. Bd3 Qd6 {Precision: White = 22%, Black = 77%.} 0-1

[Event "EICC 2017"]
[Site "Minsk"]
[Date "2017.06.07"]
[Round "8"]
[White "Gabuzyan, Hovhannes"]
[Black "Areshchenko, Alexander"]
[Result "0-1"]
[WhiteElo "2570"]
[BlackElo "2677"]
[Annotator "TA"]
[PlyCount "80"]
[EventDate "2017.??.??"]
[EventCountry "BLR"]
[SourceTitle "playchess.com"]
[Source "ChessBase"]
[SourceQuality "1"]

{[%evp 18,80,5,0,14,1,12,20,8,40,25,14,51,34,46,-11,55,49,55,43,49,43,39,-190,-183,-198,-180,-193,-189,-204,-187,-316,-287,-282,-235,-241,0,-991,0,-220,-220,-464,-442,-652,-631,-849,-818,-29977,-29978,-4886,-885,-1845,-639,-1755,-672,-686,-683,-685,-673,-672,-648,-618,-613,-868,-866]} 1. e4 c5 2. Nf3 d6 3. d4 cxd4 4. Nxd4 Nf6 5. Nc3 a6 6. h3 e5 7. Nb3 Be6 {B90: Sicilian Najdorf: Unusual White 6th moves, 6 Be3 Ng4 and 6 Be3 e5} 8. f4 g6 9. Be2 Nbd7 10. O-O {LiveBook: 3 Games} Rc8 11. Be3 $146 ({Predecessor:} 11. f5 gxf5 12. exf5 Bc4 13. Bxc4 Rxc4 14. Qd3 Qc7 15. Be3 {0-1 (40) Gharamian,T (2626)-Rodshtein,M (2698) Chartres 2017}) 11... Be7 (11... Rxc3 $5 12. bxc3 Nxe4 $14) 12. Qe1 exf4 13. Bxf4 O-O 14. Rd1 Ne8 15. Kh1 Bf6 16. Nd4 (16. Bh6 $14) 16... Ne5 (16... Bxd4 $11 17. Rxd4 Qb6) 17. Qg3 $14 Bh4 18. Qe3 {Hoping for Bxe5.} Bf6 19. Bh6 Bg7 $1 20. Nf5 $2 (20. Bg5 $14 {stays ahead.} Qd7 21. b3) 20... gxf5 $19 21. exf5 Bc4 22. Bxg7 Kxg7 23. Rd4 Bxe2 24. Nxe2 (24. Qxe2 $142 f6 25. Nd5) 24... Kh8 25. Qh6 {[%cal Rh6f8]} Rg8 26. f6 {Threatening Rh4.} Rg6 27. Qf8+ Rg8 28. Qh6 {[#]} Ng6 $1 29. Rd3 $2 (29. Nc3 {was necessary.} Nxf6 30. Qg5) 29... Rxc2 30. Nd4 {[#]} (30. Rd2 $142 Rxd2 31. Qxd2) 30... Rxg2 $1 {[%mdl 512]} 31. Ne6 (31. Kxg2 Nf4+) 31... Qa5 {( -> ...Qe5!)} 32. Rd4 {[#]} Qe5 $1 {[%csl Gg2][%cal Re5h2][%mdl 512]} 33. Kxg2 Qxe6 (33... Qe2+ $142 34. Kg3 Qxf1) 34. Kh1 Nxf6 (34... Qe2 $142 35. Rg1 Qf3+ 36. Kh2 Qf2+ 37. Rg2 Qxd4) 35. Rd3 Ne4 36. Qe3 f5 {...Ne5 is the strong threat.} 37. Rg1 Qe5 38. Qd4 Qxd4 39. Rxd4 Rc8 40. Rd5 Nh4 {Precision: White = 46%, Black = 56%.} 0-1

[Event "EICC 2017"]
[Site "Minsk"]
[Date "2017.06.07"]
[Round "8"]
[White "Paichadze, Luka"]
[Black "Kuzubov, Yuriy"]
[Result "1/2-1/2"]
[WhiteElo "2568"]
[BlackElo "2637"]
[Annotator "TA"]
[PlyCount "213"]
[EventDate "2017.??.??"]
[EventCountry "BLR"]
[SourceTitle "playchess.com"]
[Source "ChessBase"]
[SourceQuality "1"]

{[%evp 9,213,7,0,-4,7,6,6,-22,-21,-33,-22,-42,-19,-24,-12,-6,0,0,0,0,0,0,25,20,18,26,18,11,25,21,5,18,22,22,70,62,71,71,59,66,130,135,133,97,158,47,47,47,52,30,41,0,0,0,47,31,32,22,47,47,47,47,47,0,0,0,0,0,0,0,9,12,45,54,74,20,20,20,36,36,36,36,36,36,36,36,47,47,47,47,47,47,47,47,47,47,47,47,47,47,47,47,54,54,54,0,92,36,61,33,33,33,33,33,33,33,33,33,33,33,33,33,33,33,33,33,33,33,33,33,33,33,33,0,33,33,33,33,33,33,33,33,33,33,33,33,33,33,33,33,33,33,33,33,33,33,33,33,33,33,33,33,33,33,33,33,33,0,0,0,33,33,33,0,0,0,33,33,33,33,33,33,33,33,33,33,33,33,33,33,33,33,33,33,33,0,0,0,0,0,0,0,0,0,0,0]} 1. e4 c5 2. Nf3 d6 3. d4 cxd4 4. Qxd4 Nf6 5. Bb5+ Bd7 6. c4 {B53: Sicilian: 2...d6: Lines with Qxd4} g6 (6... a6 $5 {[%cal Ra6b5]} 7. Bxd7+ Nbxd7 $11) 7. Nc3 (7. O-O Bg7 8. Nc3 O-O 9. Qd3 Bg4 10. h3 a6 11. hxg4 axb5 12. g5 bxc4 13. Qxc4 {½-½ (57) Malakhov,V (2713)-Wei,Y (2707) Doha 2016}) 7... Bg7 8. h3 O-O 9. Qd3 a6 10. Bxd7 Nfxd7 11. O-O Nc6 (11... Nc5 $5 {[%cal Rc5d3]} 12. Qc2 Nc6 $11) 12. Bd2 Rc8 (12... Nde5 $5 {[%cal Re5d3]} 13. Qe2 e6 $11) 13. Qe2 $146 Nde5 14. b3 Nxf3+ 15. Qxf3 f5 (15... Nd4 $5 {[%cal Rd4f3]} 16. Qd3 b5 $11) 16. exf5 Rxf5 17. Qe4 Qd7 18. Rae1 Re8 19. Nd5 e6 {Black wants to play ...Re5.} 20. Ne3 Rff8 21. Rd1 b5 22. Bc1 Qc7 23. Rd2 bxc4 24. bxc4 Bc3 (24... Na5 $14) 25. Rd3 $16 Bb4 26. Ng4 {Strongly threatening Rfd1.} Bc5 ({Black should play} 26... Ne5) 27. Bg5 (27. Rfd1 $16) 27... Ne5 $1 $14 28. Nxe5 dxe5 29. Be3 (29. Rb3 $5 {[%cal Rb3b7]}) 29... Bxe3 30. fxe3 Rxf1+ 31. Kxf1 $11 {[%mdl 4096] Endgame KQR-KQR} Rc8 32. Rc3 Qa5 33. Qc2 Qc5 34. Kg1 Kg7 35. Qe4 Rc7 36. Rb3 Qxc4 37. Qxe5+ Kh6 $1 38. Qf6 Qe4 39. Ra3 Rc1+ 40. Kh2 {[#] Black must now prevent Qf8+.} Qf5 41. Qh4+ Kg7 42. Qd4+ (42. Rxa6 $16 Qe5+ 43. Qf4 Qxf4+ 44. exf4) 42... e5 43. Qd6 Kh6 44. Ra4 e4 $1 45. Rxa6 Qf2 46. Qf4+ Qxf4+ 47. exf4 $14 {KR-KR} e3 48. Re6 Ra1 49. Rxe3 {Hoping for Ra3.} Rxa2 50. Re7 Rb2 51. Kg3 Ra2 52. Kf3 {aiming for g4.} Ra3+ 53. Kg4 Ra2 54. g3 Ra5 55. h4 Ra3 56. Kh3 Rb3 57. Kg4 Ra3 58. Re5 ({White should try} 58. Rd7 $16) 58... Rb3 59. h5 Rb1 60. Re6 Rb5 61. hxg6 hxg6 62. Kf3 Kg7 63. g4 Kf7 64. Re3 Ra5 65. Rb3 Ra7 66. Kg3 Kg7 67. Kh4 Ra5 68. Rb7+ Kf8 69. Rd7 Rb5 70. Kg3 Rb3+ 71. Kh4 Rb5 $1 72. Rd3 (72. Rd6 $5 {[%cal Rd6g6]} Kf7 73. Rd7+ Kf8 $14) 72... Kf7 73. Kg3 Ra5 74. Rd7+ Kf8 75. Kf3 Ra4 76. g5 Rb4 77. Ke3 Ra4 78. Rd4 Ra1 79. Rc4 Re1+ 80. Kd4 Kf7 81. Rc7+ Kf8 82. Kd5 (82. Rc6 $5 {[%cal Rc6g6]} Kg7 83. Ra6 $14) 82... Re2 83. Rc6 Kf7 84. Rf6+ Kg7 85. Re6 Rd2+ 86. Ke5 {[#] Re7+ is the strong threat.} Re2+ 87. Kd6 Rd2+ 88. Ke7 Rd4 89. Rf6 Re4+ 90. Kd6 Ra4 91. Kc5 Re4 92. Kd5 (92. f5 $5 {[%cal Rf6g6]} Re5+ 93. Kd6 Rxf5 94. Rxf5 gxf5 95. Ke5 $11) 92... Ra4 (92... Re2 {feels hotter.}) 93. Ke5 Ra5+ 94. Ke4 Ra4+ 95. Kf3 Ra3+ 96. Kg4 Rb3 97. Rd6 Ra3 98. Rd7+ Kf8 99. Rh7 Rb3 100. Rh3 Rb1 101. Rd3 Rf1 102. f5 Rxf5 {The position is equal.} 103. Rf3 Rxf3 104. Kxf3 Ke7 105. Ke3 Ke6 106. Ke4 $1 Kd6 $1 107. Kd4 {Precision: White = 71%, Black = 65%.} 1/2-1/2

[Event "EICC 2017"]
[Site "Minsk"]
[Date "2017.06.07"]
[Round "8"]
[White "Bortnyk, Olexandr"]
[Black "Rakhmanov, Aleksandr"]
[Result "1/2-1/2"]
[WhiteElo "2567"]
[BlackElo "2676"]
[Annotator "TA"]
[PlyCount "71"]
[EventDate "2017.??.??"]
[EventCountry "BLR"]
[SourceTitle "playchess.com"]
[Source "ChessBase"]
[SourceQuality "1"]

{[%evp 23,71,16,30,43,27,10,50,12,50,50,50,39,35,33,39,35,39,39,40,39,39,30,33,31,39,39,39,16,38,0,38,26,33,33,36,33,41,42,64,58,85,62,64,60,62,60,68,68,90,68]} 1. e4 e6 2. d4 d5 3. Nc3 Bb4 4. e5 c5 5. a3 Bxc3+ 6. bxc3 Qa5 7. Bd2 Qa4 8. Qb1 c4 9. Nh3 Nc6 {C18: French: 3 Nc3 Bb4: Main line: 7 h4 and 7 Qg4} 10. Nf4 Bd7 (10... Nge7 11. Nh5 Rg8 12. g3 Bd7 13. Bh3 O-O-O 14. O-O Kb8 15. Re1 Rc8 16. Re3 Rc7 {1-0 (71) Wang,H (2717)-Ivanchuk,V (2710) Huaian 2016}) 11. Be2 O-O-O 12. O-O f6 {LiveBook: 4 Games} 13. Bg4 f5 14. Be2 Nge7 15. Qc1 $146 ({Predecessor:} 15. Qb2 g6 16. Rab1 b6 17. h3 {1-0 (56) Nowak,I (2343)-Mroczek,J (2237) ICCF email 2011}) 15... Rhg8 16. h4 Rdf8 17. g3 Nd8 18. Kg2 Be8 19. Rh1 Ng6 20. Nh3 Ne7 21. Rb1 Nec6 22. Nf4 Bd7 23. Bf3 Re8 24. Qb2 b6 25. Rbe1 Ne7 26. Rb1 Nec6 27. Qc1 Nf7 28. Re1 Nfd8 29. Nh3 Ref8 30. Qb2 Ne7 31. Qb4 Qxb4 32. axb4 a6 33. Kf1 {[%cal Bg2f1,Bf1e2,Be2d2][%mdl 32]} Bb5 34. Ke2 Kd7 35. Be3 Nf7 36. Kd2 {Precision: White = 57%, Black = 51%.} 1/2-1/2